Länder mit Amtssprache Arabisch - Statistiken

Allgemein
  • Dieses Quiz wurde 39 mal gespielt
  • Das Durchschnittsergebnis liegt bei 20 aus 23
Antwortstatistiken
Kontinent # Land % Korrekt
Afrika 1 Ägypten
100%
Afrika 2 Algerien
97%
Asien 2 Irak
97%
Afrika 2 Marokko
95%
Asien 1 Jemen
92%
Asien 1 Kuwait
92%
Afrika 1 Libyen
92%
Afrika 13 Mali
92%
Asien 1 Oman
92%
Asien 1 Saudi-Arabien
92%
Afrika 2 Sudan
92%
Afrika 1 Tunesien
92%
Asien 1 Katar
86%
Afrika 1 Mauretanien
86%
Asien 1 Vereinigte Arabische Emirate
86%
Asien 1 Jordanien
84%
Asien 1 Syrien
84%
Asien 1 Bahrain
81%
Afrika 2 Tschad
81%
Asien 1 Libanon
78%
Afrika 2 Dschibuti
76%
Afrika 2 Somalia
76%
Afrika 3 Komoren
46%
Keine übereinstimmenden Quizze gefunden
Verteilung der Resultate
Anzahl Personen mit jedem Resultat
Perzentil nach korrekt beantworteten Fragen
Ihre Resultats-Entwicklung
Sie haben dieses Quiz noch nicht gespielt